000 00346 a2200157 4500
001 176798
020 _a
040 _cMagnum
100 _aRios, Rosana
240 1 0 _aOnde foi parar a luz da manha ?
_lpor
245 1 0 _aOnde foi parar a luz da manha ?
362 0 _a1899
440 1 _aScipione
697 _aMAGNITO: IJ/GERAL
942 _cBK
999 _c176798
_d176798